[Event "BL 2017-18"]
[Site "Germany"]
[Date "2018.02.24"]
[Round "9"]
[White "Bartel, Mateusz"]
[Black "Krasenkow, Michal"]
[Result "0-1"]
[WhiteElo "2610"]
[BlackElo "2642"]
[Annotator "TA"]
[PlyCount "96"]
[EventDate "2018.05.24"]
[EventType "team-tourn"]
[EventCountry "GER"]
[SourceTitle "playchess.com"]
[Source "ChessBase"]
[SourceQuality "1"]
[WhiteTeam "Dresden"]
[BlackTeam "SF Deizisau"]

{[%evp 9,96,11,31,3,26,25,28,-5,-12,-12,-6,-9,-11,-10,-8,-14,-15,-8,0,0,0,-10,-16,-35,-29,-35,-37,-45,-57,-60,-45,-85,-45,-196,-194,-191,-196,-196,-193,-198,-144,-137,-133,-141,-115,-116,-139,-171,-187,-176,-175,-161,-179,-175,-168,-185,-180,-178,-166,-201,-193,-207,-207,-194,-179,-331,-243,-264,-210,-256,-248,-325,-247,-317,-276,-307,-264,-685,-576,-840,-588,-793,-787,-803,-799,-1600,-1599,-1246,-1036]} 1. e4 d6 2. f4 Nf6 3. Nc3 c5 4. Nf3 Nc6 5. Bb5 e6 {LiveBook: 12 Games} 6. d4 {B23: Closed Sicilian: Lines without g3} (6. Bxc6+ bxc6 7. d3 d5 8. O-O Ba6 9. e5 Nd7 10. f5 exf5 11. Qe1 Qe7 12. Bg5 f6 13. exf6 gxf6 {1-0 (32) Kislinsky,A (2574)-Plat,V (2455) Ledec nad Sazavou 2013}) 6... cxd4 7. Nxd4 Bd7 8. Nxc6 {White has an edge.} Bxc6 $146 ({Find the theoretical novelty and annotate with similar games:} 8... bxc6 9. Bc4 Rb8 10. g4 Qa5 11. Qe2 Qc7 12. f5 h5 13. g5 Ng4 14. h3 Ne5 {0-1 (25) Dos Santos,A (1779)-Mateus,J (1888) Fortaleza 2012}) 9. Qd3 Be7 10. Bxc6+ bxc6 11. b3 d5 12. Bb2 dxe4 13. Nxe4 Nxe4 14. Qxe4 Qa5+ 15. Kf2 O-O 16. Rhd1 Rad8 17. Kg1 Rd5 18. Rxd5 cxd5 19. Qd3 Rc8 20. Kf1 Bb4 {Strongly threatening ...Bc3.} 21. Rc1 $2 {[#]} ({White should play} 21. f5 $15) 21... Bd2 $1 $19 {[%cal Rd2c1]} ({Don't take} 21... Qxa2 22. Bd4 $17) 22. Rd1 Bxf4 23. Qd4 {[%csl Gb2][%cal Rd4g7]} Bh6 24. c4 dxc4 ({Better is} 24... Qxa2 $19 25. cxd5 Qxb3) 25. bxc4 $17 f6 26. Qd7 Qa6 27. Rd4 Qc6 28. Qe7 e5 {[%cal Be6e5,Be5e4][%mdl 32]} 29. Rd8+ Rxd8 30. Qxd8+ Kf7 31. Qd3 Bf4 32. h3 a6 33. Ba3 e4 34. Qc2 Ke6 35. Bb4 f5 {[%cal Bf6f5,Bf5f4][%mdl 32]} 36. Qb3 Be5 37. Ke2 $2 {[#]} (37. Ba5) 37... f4 38. Kf1 Bd4 39. Be1 Kf5 40. Ke2 Kg6 41. Kd1 Qb6 42. Qc2 Kf5 43. Kc1 $2 (43. Ke2) 43... g5 {Black is clearly winning.} 44. a3 h5 {[%cal Bh7h5,Bh5g4][%mdl 32]} 45. Bb4 g4 46. hxg4+ hxg4 47. Qa4 Qe6 48. Kd1 f3 {Precision: White = 23%, Black = 71%.} 0-1

[Event "BL 2017-18"]
[Site "Germany"]
[Date "2018.02.24"]
[Round "9"]
[White "Oleksiyenko, Mykhaylo"]
[Black "Harikrishna, Pentala"]
[Result "1/2-1/2"]
[WhiteElo "2609"]
[BlackElo "2745"]
[Annotator "TA"]
[PlyCount "69"]
[EventDate "2018.05.24"]
[EventType "team-tourn"]
[EventCountry "GER"]
[SourceTitle "playchess.com"]
[Source "ChessBase"]
[SourceQuality "1"]
[WhiteTeam "Speyer"]
[BlackTeam "Solingen"]

{[%evp 16,69,-25,-36,-38,-39,-39,-30,-37,-13,0,0,0,0,60,26,55,52,43,0,51,55,46,59,110,102,79,0,50,0,0,0,69,9,11,12,23,17,8,8,27,27,29,31,46,28,26,20,411,382,433,97,74,0,0,0]} 1. c4 Nf6 2. Nc3 e5 3. Nf3 Nc6 4. e3 Bb4 5. Qc2 d6 6. a3 {A28: English Opening: Four Knights Variation} (6. Ne2 a5 7. a3 Bc5 8. b3 O-O 9. Ng3 Re8 10. Bb2 Ba7 11. Be2 h6 12. O-O Be6 13. Bc3 Ne7 {1-0 (63) Karjakin,S (2760)-Vidit,S (2715) Riadh 2017}) 6... Bxc3 7. Qxc3 e4 8. Nd4 Ne5 9. b4 {LiveBook: 5 Games} Nfg4 {[#] aiming for ...Qf6.} 10. h3 $1 {[%cal Rh3g4]} Qh4 $1 11. g3 Qh6 12. Be2 $146 ({Predecessor:} 12. c5 O-O 13. Be2 Nf6 {0-1 (50) Silfver,T (2024)-Koci,V (2242) ICCF email 2008}) 12... Nf6 13. Bb2 {next Nb5 is good for White.} Bd7 14. O-O-O O-O-O (14... Rc8 $11) 15. g4 Rhe8 16. Rdg1 {Strongly threatening g5.} g5 17. h4 Bxg4 (17... Qg6 $11) 18. hxg5 $14 Qxg5 19. c5 $1 h5 {[#]} ({Black should play} 19... Nd5 $14 20. Qc2 dxc5 21. Bxg4+ (21. bxc5 h5 $11) (21. Qxc5 Bxe2 22. Rxg5 Nd3+ 23. Kc2 Nxc5 $11) 21... Nxg4 22. Qxc5 Kb8) 20. c6 $1 $16 Kb8 21. cxb7 {Threatens to win with Bb5.} (21. Qc2 $5 {[%cal Rc6b7]}) 21... c5 22. bxc5 dxc5 23. Nb5 {White wants to mate with Qa5.} Rd7 (23... a6 $11) 24. Kb1 $40 {[%mdl 128] Black needs to defend precisely.} (24. Qa5 $1 $14 Rxb7 25. Nd6) 24... Nc6 $11 25. Ka1 ({Of course not} 25. Qxf6 Qxf6 26. Bxf6 Bxe2 $17) 25... Qf5 26. Bxg4 Nxg4 27. Rc1 $1 Rd5 28. Nd4 Nxd4 29. exd4 Kxb7 30. dxc5 Ka8 31. c6 Rd3 $2 {[%mdl 8192]} (31... Rc8 $1 $11) 32. Qc4 $18 ({Don't take} 32. Qb4 Rb8 $18) 32... Rc8 33. c7 $2 (33. f3 $18 {and White stays clearly on top.} Nf2 34. fxe4) 33... Rd6 $16 34. Bd4 (34. Qa4 $16 Qd5 35. Rc4) 34... Qd5 $11 35. Be3 {Precision: White = 51%, Black = 49%.} 1/2-1/2

[Event "BL 2017-18"]
[Site "Germany"]
[Date "2018.02.24"]
[Round "9"]
[White "Landa, Konstantin"]
[Black "Hertneck, Gerald"]
[Result "*"]
[WhiteElo "2604"]
[BlackElo "2493"]
[Annotator "TA RC"]
[PlyCount "43"]
[EventDate "2018.05.24"]
[EventType "team-tourn"]
[EventCountry "GER"]
[SourceTitle "playchess.com"]
[Source "ChessBase"]
[SourceQuality "1"]
[WhiteTeam "Muelheim"]
[BlackTeam "Zugzwang Muenchen"]

{[%evp 23,43,39,23,28,60,62,65,34,33,24,23,33,33,24,29,30,31,26,32,18,37,50]} 1. Nf3 Nf6 2. g3 d5 3. Bg2 c6 4. O-O Bf5 5. d3 h6 6. c4 e6 7. cxd5 exd5 8. Qb3 {A11: English Opening: 1...c6} Qb6 9. Qc2 Be7 10. Nc3 O-O 11. e4 Bh7 12. Be3 Qa6 {LiveBook: 22 Games} 13. Rfd1 (13. Rad1 Nbd7 14. h3 Rad8 15. Rfe1 Bb4 {1-0 (38) Matlakov,M (2694)-Mchedlishvili,M (2601) Doha 2016}) 13... Nbd7 14. exd5 cxd5 {[#]} 15. Bd4 $146 ({Predecessor:} 15. Qb3 Nc5 16. Bxc5 Bxc5 {1-0 (55) Demuth,A (2546)-Cheng,B (2446) Adelaide 2016}) 15... Rfd8 16. Qb3 Nc5 17. Bxc5 Bxc5 18. d4 Bf8 $1 19. Ne5 {[%cal Rc3d5]} Qb6 20. Qxb6 axb6 21. a3 Ne4 22. Rac1 *

[Event "BL 2017-18"]
[Site "Germany"]
[Date "2018.02.24"]
[Round "9"]
[White "Dautov, Rustem"]
[Black "Moehn, Hans"]
[Result "1-0"]
[WhiteElo "2596"]
[BlackElo "2365"]
[Annotator "TA"]
[PlyCount "95"]
[EventDate "2018.05.24"]
[EventType "team-tourn"]
[EventCountry "GER"]
[SourceTitle "playchess.com"]
[Source "ChessBase"]
[SourceQuality "1"]
[WhiteTeam "SF Deizisau"]
[BlackTeam "Dresden"]

{[%evp 11,95,18,42,19,23,11,9,7,0,5,21,0,32,-20,47,40,51,57,54,27,55,56,57,57,58,58,56,58,58,56,58,44,54,53,50,43,56,56,68,68,67,75,66,46,47,47,50,42,40,38,50,50,53,47,61,51,55,61,191,191,191,191,191,183,191,191,205,199,389,387,485,391,381,361,364,363,329,316,428,418,416,314,963,938,911,869]} 1. d4 Nf6 2. c4 g6 3. Nf3 Bg7 4. g3 b6 5. Nc3 Bb7 6. d5 {E60: King's Indian: Unusual lines and Fianchetto Variation without Nc3} (6. Bg2 O-O 7. O-O e6 8. Bf4 d6 9. Qc2 Nbd7 10. Rad1 Qe7 11. e4 e5 12. Bc1 Rfe8 13. Nd5 Nxd5 14. cxd5 Rac8 15. dxe5 dxe5 {½-½ (68) Wang,Y (2690)-Mamedyarov,S (2804) chess.com INT 2018}) 6... Na6 {LiveBook: 3 Games} 7. e4 Nc5 8. Qe2 $146 {White has an edge.} ({Find the theoretical novelty and annotate with similar games:} 8. e5 Ng4 9. Bh3 Nxe5 10. Nxe5 Bxe5 11. Bh6 d6 12. O-O {0-1 (40) Howell,D (2698)-Pert,N (2562) Coventry 2015}) 8... d6 9. Bg2 O-O 10. O-O Nfd7 11. Bg5 a5 12. Qe3 (12. Rfe1 $14) 12... Qe8 (12... Bxc3 $11 13. Qxc3 Nxe4) 13. Bh6 $14 e5 14. Bxg7 Kxg7 15. Nd2 Nf6 16. b3 Qe7 17. a3 Rfb8 18. b4 Ncd7 19. Nb3 axb4 20. axb4 Qd8 21. Bh3 Rxa1 22. Rxa1 Ra8 23. Qc1 Ba6 24. Nd2 Ne8 25. Ra3 {[#] Black must now prevent Qa1.} Ndf6 26. Qa1 Bb7 27. Nb5 Rxa3 28. Qxa3 Qb8 29. Qa7 Qxa7 30. Nxa7 Kf8 31. f3 Ke7 32. Kf2 Nd7 33. Ke3 Nb8 34. Kd3 Ba6 (34... Nf6 $14) 35. b5 $18 Bb7 36. Nc6+ Bxc6 37. dxc6 {[%mdl 4096] Endgame KBN-KNN} ({Weaker is} 37. bxc6 Na6 $11) 37... Nf6 38. Nb1 Kf8 39. Nc3 Ke7 $2 {[#]} (39... Ke8 40. Ke2 Ke7) 40. Na2 d5 41. cxd5 Ne8 42. Ke3 Nd6 43. Bf1 f6 44. f4 Kf7 45. Nb4 Ke7 46. Be2 Kf7 $2 (46... g5 47. fxe5 fxe5) 47. fxe5 fxe5 48. Na6 {Precision: White = 70%, Black = 42%.} 1-0

[Event "BL 2017-18"]
[Site "Germany"]
[Date "2018.02.24"]
[Round "9"]
[White "Kempinski, Robert"]
[Black "Wagner, Dennis"]
[Result "1-0"]
[WhiteElo "2593"]
[BlackElo "2564"]
[Annotator "TA"]
[PlyCount "51"]
[EventDate "2018.05.24"]
[EventType "team-tourn"]
[EventCountry "GER"]
[SourceTitle "playchess.com"]
[Source "ChessBase"]
[SourceQuality "1"]
[WhiteTeam "Hamburg SK"]
[BlackTeam "Hockenheim"]

{[%evp 16,51,0,0,19,9,21,15,18,21,29,19,34,16,36,40,50,46,43,34,62,54,49,47,56,49,189,195,318,310,326,324,755,363,363,358,886,871]} 1. d4 Nf6 2. c4 g6 3. Nf3 Bg7 4. e3 O-O 5. Be2 d6 6. O-O Nbd7 7. b4 e5 8. Bb2 exd4 {E60: King's Indian: Unusual lines and Fianchetto Variation without Nc3} (8... Qe7 9. Nc3 c6 10. a4 Re8 11. a5 Nf8 12. d5 cxd5 13. cxd5 Bg4 14. Nd2 h5 15. Rc1 Rac8 16. a6 bxa6 17. f3 Bd7 18. Bxa6 Rxc3 19. Rxc3 Nxd5 {½-½ (36) Mamedyarov,S (2646)-Radjabov,T (2673) Baku 2005}) 9. Nxd4 {LiveBook: 3 Games} a5 10. a3 axb4 {The position is equal.} 11. axb4 Rxa1 12. Bxa1 c6 $146 ({Predecessor:} 12... Qe7 13. Nc3 Nb6 {½-½ (31) Van Rooijen,P (1722)-Lyew,M (1684) Chessfriend.com 2003}) 13. Nd2 Qe7 14. Bc3 d5 15. c5 Ne4 16. Nxe4 dxe4 17. Qc2 Nf6 18. Qb2 Rd8 19. Ra1 $36 {[%mdl 2048] White is pushing.} h5 20. Ra7 Qd7 ({Black should play} 20... Ng4 $1 $14) 21. b5 $18 cxb5 (21... Qd5 $142) 22. c6 {[%cal Bc5c6,Bc6c7][%mdl 32]} (22. Qxb5 Qxb5 23. Nxb5 (23. Bxb5 Bf8 $16) 23... Bd7 $16) (22. Bxb5 Qd5 $14) 22... Qd5 23. c7 ({Stronger than} 23. Nxb5 bxc6 24. Nc7 (24. Bxf6 Qd1+ 25. Bf1 Rd2 $11) 24... Qd1+ 25. Bf1 Qd6 $11) ({Less strong is} 23. Qxb5 Qxb5 24. Bxb5 bxc6 $14) 23... Rd7 $2 {[#]} (23... Rf8 24. Nxb5 Bg4) 24. Ba5 (24. Nxb5 $142 Qe6 25. Ra8) 24... Ne8 25. Qxb5 Qa2 $2 (25... Nxc7 26. Bxc7 Qxb5 27. Nxb5 Rd2) 26. Ra8 {Precision: White = 79%, Black = 36%.} 1-0

[Event "BL 2017-18"]
[Site "Germany"]
[Date "2018.02.24"]
[Round "9"]
[White "Graf, Alexander"]
[Black "Neef, Maximilian"]
[Result "0-1"]
[WhiteElo "2585"]
[BlackElo "2451"]
[Annotator "TA"]
[PlyCount "76"]
[EventDate "2018.05.24"]
[EventType "team-tourn"]
[EventCountry "GER"]
[SourceTitle "playchess.com"]
[Source "ChessBase"]
[SourceQuality "1"]
[WhiteTeam "SF Deizisau"]
[BlackTeam "Dresden"]

{[%evp 24,76,27,30,37,8,25,7,0,7,0,0,20,0,4,4,17,0,14,39,45,45,30,-77,51,37,53,45,41,15,0,-34,-26,-37,0,-181,-148,-376,-356,-735,-729,-604,-589,-1244,-1193,-29990,-29991,-29991,-29992,-29996,-29997,-29997,-672,-29998,-29999]} 1. d4 Nf6 2. c4 g6 3. Nc3 Bg7 4. e4 d6 5. Nf3 O-O 6. Be2 e5 7. d5 a5 8. Bg5 h6 9. Bh4 Na6 10. Nd2 Qe8 11. b3 Bd7 12. a3 Nh7 13. Rb1 h5 {White should prevent ...g5. E92: King's Indian: Classical: 6 Be2 e5: 7 dxe5, 7 Be3 and Petrosian System without 7...Nbd7} 14. f3 Bh6 15. b4 axb4 {The position is equal.} 16. axb4 Be3 {[#]} 17. Qc2 $146 ({Predecessor:} 17. Bf2 Bxf2+ 18. Kxf2 Qb8 19. Re1 Qa7+ 20. Kf1 Ng5 21. c5 dxc5 {1-0 (44) Ikonnikov,V (2556)-Shyam,S (2415) Dieren 2009}) 17... f5 18. Bf2 Bxf2+ 19. Kxf2 Qe7 20. Rhc1 Nf6 21. Kg1 h4 22. Nd1 Nh5 23. c5 {[#]} (23. Nf2 $11) 23... Nf4 ({Better is} 23... h3 $1 $17 {Threatens to win with ...Qg5.} 24. g3 Qg5) 24. Bf1 $14 Qg5 25. Kh1 Bb5 {Hoping for ...Bd3!} 26. Ne3 h3 $40 {[%mdl 128] White needs to defend precisely.} 27. g3 Ne2 28. Bxe2 $1 Bxe2 29. Qc3 $2 (29. Nec4 $11) 29... fxe4 $19 30. fxe4 $2 (30. Rb2 $17) 30... Rf2 31. Nd1 $2 (31. cxd6 cxd6 32. Nec4) 31... Bxd1 32. Rxd1 Raf8 {[%cal Ba8f8,Bf8f3,Bf3f2][%mdl 32]} 33. c6 b5 34. Nf1 Qg4 35. Qd3 R8f3 36. Ne3 {[#]} Rxh2+ $1 {[%mdl 512]} 37. Kxh2 Qxg3+ 38. Kh1 {aiming for Rg1.} Rf2 {Precision: White = 36%, Black = 53%.} 0-1

[Event "BL 2017-18"]
[Site "Germany"]
[Date "2018.02.24"]
[Round "9"]
[White "Donchenko, Alexander"]
[Black "Movsesian, Sergei"]
[Result "1-0"]
[WhiteElo "2583"]
[BlackElo "2649"]
[Annotator "TA"]
[PlyCount "105"]
[EventDate "2018.05.24"]
[EventType "team-tourn"]
[EventCountry "GER"]
[SourceTitle "playchess.com"]
[Source "ChessBase"]
[SourceQuality "1"]
[WhiteTeam "Aachen"]
[BlackTeam "Baden-Baden"]

{[%evp 25,105,7,17,10,13,15,9,0,7,2,4,0,30,19,19,0,18,0,5,17,9,10,8,0,4,0,4,5,14,12,14,0,0,0,0,0,0,0,0,0,0,0,0,0,0,0,0,0,27,0,0,0,26,0,0,0,26,6,26,26,27,0,0,0,179,179,163,157,168,93,97,111,112,131,5639,5417,4975,2139,29985,29986,29986,29987]} 1. d4 Nf6 2. c4 e6 3. g3 d5 4. Bg2 Bb4+ 5. Bd2 Be7 6. Nf3 O-O 7. O-O c6 8. Qc2 b6 9. Rd1 {E11: Bogo-Indian} Bb7 10. Ne5 Nbd7 11. cxd5 cxd5 12. Nc6 Bxc6 13. Qxc6 Rc8 {LiveBook: 54 Games} 14. Qb5 Ne8 15. Nc3 Nd6 16. Qd3 Nf6 17. b3 {[#]} Qd7 $146 18. e3 Qb7 19. Be1 Rfd8 20. Rac1 h5 21. Bf1 Nfe4 22. Nxe4 Nxe4 23. Qa6 Qb8 24. h4 Nd6 25. a4 Rxc1 26. Rxc1 Rc8 27. Rxc8+ Nxc8 28. a5 Qc7 29. Kg2 g6 30. axb6 axb6 31. Bd3 Kg7 32. Qa2 Na7 33. Qc2 Qd6 34. Qa2 Qc7 35. Bd2 Nc6 36. Qa4 Qd6 37. Bc3 Qc7 38. Bd2 Qd6 39. Bc3 Qc7 40. Be1 Qd6 41. Bd2 Nb4 42. Bb5 Nc2 43. b4 Nxb4 44. Bc3 e5 $2 (44... Kg8 $11) 45. dxe5 $18 Qc5 46. Bd4 Qc7 47. e6+ ({Better is} 47. Bb2 $18) 47... f6 $16 48. Qa8 $36 {[%mdl 2048] Threatens to win with Qe8. White is in control.} Qc2 49. Kg1 {Strongly threatening Qe8.} Qb1+ $2 {[%mdl 8192] [#]} (49... Qc1+ $16 50. Bf1 Qc6) 50. Bf1 $1 $18 Qf5 {[#]} 51. Qc8 $1 {[%cal Rc8d7]} Nc2 52. Qd7 Kf8 53. Bb5 {Precision: White = 56%, Black = 43%.} 1-0

[Event "BL 2017-18"]
[Site "Germany"]
[Date "2018.02.24"]
[Round "9"]
[White "Heimann, Andreas"]
[Black "Paehtz, Elisabeth"]
[Result "1/2-1/2"]
[WhiteElo "2582"]
[BlackElo "2464"]
[Annotator "TA"]
[PlyCount "59"]
[EventDate "2018.05.24"]
[EventType "team-tourn"]
[EventCountry "GER"]
[SourceTitle "playchess.com"]
[Source "ChessBase"]
[SourceQuality "1"]
[WhiteTeam "SF Deizisau"]
[BlackTeam "Dresden"]

{[%evp 9,59,42,49,0,0,0,0,0,0,0,0,0,0,0,0,0,6,8,1,0,0,-14,0,-10,-23,-18,-7,-16,-4,-3,0,0,0,0,0,-9,0,0,0,-1,0,0,0,0,0,0,0,0,0,0,0,-750]} 1. d4 d5 2. c4 dxc4 3. e4 e5 4. Nf3 Nf6 5. Bxc4 Nxe4 {LiveBook: 12 Games} 6. Qa4+ $146 {D20: Queen's Gambit Accepted: 3 e3 and 3 e4} ({Predecessor:} 6. O-O Nd6 7. Nxe5 Nxc4 8. Nxc4 Be7 9. Nc3 O-O 10. Bf4 c6 11. d5 Bb4 12. dxc6 Nxc6 {0-1 (39) Li,C (2751)-Dominguez Perez,L (2732) Huaian 2016}) 6... Bd7 7. Qb3 Nd6 $1 8. Nxe5 {[%cal Rc4f7]} Nxc4 9. Qxc4 {[%csl Ge5][%cal Rc4f7] [#]} Be6 10. Qb5+ c6 11. Qxb7 Qxd4 12. Nf3 (12. Be3 {is interesting.} Qb4+ 13. Qxb4 Bxb4+ 14. Nc3 f6 15. Nf3) 12... Qb4+ 13. Qxb4 Bxb4+ 14. Bd2 Na6 {[%cal Bb8a6,Ba6b4,Bb4d3][%mdl 32]} 15. O-O O-O-O 16. Bxb4 Nxb4 17. Nc3 Nd3 {The position is equal.} 18. b3 Rhe8 19. Ng5 f6 20. Nxe6 Rxe6 21. Rfd1 Re5 22. Rd2 Nb4 23. Rxd8+ Kxd8 $11 {[%mdl 4096] Endgame KRN-KRN} 24. Kf1 Rc5 25. Rc1 Nd3 26. Rc2 Kc7 27. g3 Nb4 28. Rc1 Nd3 29. Rc2 Nb4 30. Ke2 $2 {[%mdl 40960] Precision: White = 57%, Black = 60%. . An unexpected result.} (30. Rc1 $11) 1/2-1/2

[Event "BL 2017-18"]
[Site "Germany"]
[Date "2018.02.24"]
[Round "9"]
[White "Kraemer, Martin"]
[Black "Jakovenko, Dmitry"]
[Result "0-1"]
[WhiteElo "2580"]
[BlackElo "2744"]
[Annotator "TA"]
[PlyCount "68"]
[EventDate "2018.05.24"]
[EventType "team-tourn"]
[EventCountry "GER"]
[SourceTitle "playchess.com"]
[Source "ChessBase"]
[SourceQuality "1"]
[WhiteTeam "SFR Berlin"]
[BlackTeam "Schwaebisch Hall"]

{[%evp 14,68,39,28,60,10,45,55,96,33,48,49,58,41,90,0,0,4,0,-35,0,-45,-60,-147,0,0,0,0,0,0,0,0,0,0,0,-63,-70,-63,-43,-43,-43,-51,-44,-79,-42,-81,-75,-633,-601,-606,-580,-1526,-1515,-1518,-1501,-1292,-1272]} 1. e4 c5 2. Nf3 e6 3. d4 cxd4 4. Nxd4 Nc6 5. Nc3 Qc7 6. g3 a6 7. Bg2 h5 8. Bg5 {LiveBook: 4 Games. B47: Sicilian: Taimanov: 5 Nc3 Qc7 6 f4, 6 g3 and 6 Be2} (8. Be3 h4 9. Qd2 Ne5 10. O-O-O Nc4 11. Qd3 Nxe3 12. Qxe3 h3 13. Bf3 d6 14. Be2 b5 15. a3 Nf6 {0-1 (40) Kryvoruchko,Y (2689)-Malakhatko,V (2542) Riadh 2017}) 8... h4 $146 ({Predecessor:} 8... Bc5 9. Nf3 Nge7 10. Qd2 Na5 11. Na4 Ba7 12. Bf4 Qd8 13. Qc3 Nac6 14. Qxg7 Rg8 15. Qh7 Qa5+ 16. Nc3 Qb6 17. O-O-O {1-0 (17) Forcen Esteban,D (2511)-Ramiro Ovejero,J (2397) Zaragoza 2013}) 9. gxh4 Nge7 (9... Ne5 {seems wilder.} 10. Qe2 Bb4 11. O-O Ng6 12. h5 Nf4) 10. Nxc6 {White is slightly better.} bxc6 11. Qd3 ({White should play} 11. Qg4 $16) 11... Ng6 12. O-O-O f6 13. Bd2 $1 Kf7 14. Rhg1 (14. h5 $16 Rxh5 15. Ne2) 14... Rxh4 15. Bf1 Qxh2 16. Be2 Rb8 17. Be3 Qe5 18. Rh1 (18. Ba7 $15 Nf4 19. Qf3) 18... Rxh1 (18... Nf4 $17 19. Bxf4 Qxf4+ 20. Kb1 Bc5) 19. Rxh1 $11 {Hoping for Bh5.} Nf4 20. Qd2 Nxe2+ 21. Qxe2 {[#]} Ba3 $1 $36 {[%mdl 2560] White is under pressure.} 22. bxa3 Qxc3 23. Qh5+ Ke7 {...Kd8 is the strong threat.} 24. Bc5+ (24. Qh8 $11) 24... Kd8 $1 $15 25. Bb4 $1 Qa1+ 26. Kd2 {[#] Threatening mate with Qa5+.} Qd4+ 27. Kc1 {Black must now prevent Qa5+.} Rb5 $1 {[%cal Rb5h5]} (27... Qxf2 $2 28. Qa5+ Rb6 29. Bd6 $18) 28. Qd1 Qa1+ ({Don't blunder} 28... Qxf2 $2 29. Qd6 $18) 29. Kd2 Qe5 30. Qg4 $2 {[%mdl 8192]} (30. Qf3 $17) 30... Qd4+ $19 {Black is clearly winning.} 31. Ke2 a5 32. Bf8 Ba6 {( -> ...Rb3+)} 33. Kf3 Qc3+ 34. Kg2 Rg5 {Precision: White = 22%, Black = 67%.} 0-1

[Event "BL 2017-18"]
[Site "Germany"]
[Date "2018.02.24"]
[Round "9"]
[White "Tregubov, Pavel V."]
[Black "Kindermann, Stefan"]
[Result "1/2-1/2"]
[WhiteElo "2575"]
[BlackElo "2495"]
[Annotator "TA"]
[PlyCount "93"]
[EventDate "2018.05.24"]
[EventType "team-tourn"]
[EventCountry "GER"]
[SourceTitle "playchess.com"]
[Source "ChessBase"]
[SourceQuality "1"]
[WhiteTeam "Muelheim"]
[BlackTeam "Zugzwang Muenchen"]

{[%evp 15,93,8,8,0,0,-12,0,0,0,-27,0,0,32,10,12,0,41,-23,-32,-16,47,54,59,60,42,52,52,18,38,26,48,14,32,29,12,25,26,0,0,0,11,0,11,6,12,20,29,0,177,184,175,181,187,0,0,0,0,0,0,0,0,0,0,0,0,0,0,0,0,0,8,0,0,0,0,0,0,0,0,0]} 1. d4 e6 2. c4 f5 3. Nf3 Nf6 4. g3 d5 5. Bg2 Bd6 6. O-O O-O 7. b3 b6 8. Ba3 {A90: Dutch Defence: Miscellaneous and Modern Stonewall (with ...Bd6)} Bb7 {LiveBook: 14 Games} 9. Qc2 $146 ({Predecessor:} 9. cxd5 Nxd5 10. Qd2 Qe7 11. Bxd6 cxd6 12. Rc1 Nd7 13. Nc3 Nxc3 14. Rxc3 Nf6 15. Qb2 Ne4 {½-½ (32) Andreikin,D (2737)-Vallejo Pons,F (2711) Tallinn 2016}) 9... Ne4 10. c5 Be7 11. Ne5 bxc5 12. Bxe4 dxe4 13. Bxc5 Na6 {[%cal Bb8a6,Ba6b4,Bb4c2][%mdl 32]} 14. Bxe7 Qxe7 15. Nd2 $36 {[%mdl 2048] White is pushing.} Nb4 16. Qc5 (16. Qb2 $14) 16... Qxc5 $11 17. dxc5 {[%cal Bd4c5,Bc5c6][%mdl 32]} e3 (17... Rfd8 $11 18. Ndc4 Rd5) 18. fxe3 $14 Nc2 19. c6 Ba6 20. Rac1 Nxe3 21. Rf3 Nd5 22. Kf2 Nf6 23. b4 Rfd8 24. Ra3 Rxd2 25. Rxa6 Rd5 26. Nc4 (26. Nd7 $5) 26... Kf8 27. a4 {[%cal Ba2a4,Ba4a5][%mdl 32]} Ke7 28. Ke1 Ne4 29. Ne3 Rd4 30. Rc4 Rd6 31. b5 Kd8 $2 {[#]} (31... Rdd8 $11) 32. a5 $18 Rb8 33. Rb4 Nc3 34. b6 $2 (34. Rxa7 $18 Rxb5 35. Rxb5 Nxb5 36. Rb7) 34... axb6 $11 {The position is equal.} 35. axb6 cxb6 36. Ra7 Rxc6 37. Rxg7 Ne4 38. Rd4+ Rd6 39. Rxd6+ Nxd6 40. Rxh7 Rb7 41. Rxb7 Nxb7 {[%mdl 4096] Endgame KN-KN} 42. Kd2 Nc5 43. Kc3 Ke7 44. Nc4 Ne4+ 45. Kb4 Nf6 46. Kb5 Nd5 47. Nxb6 {Precision: White = 54%, Black = 58%.} 1/2-1/2